Histoire d'une maison / (Record no. 167677)

MARC details
000 -LEADER
campo de control de longitud fija 00827nam a22002175i 4500
001 - NÚMERO DE CONTROL
campo de control 167677
003 - IDENTIFICADOR DE NÚMERO DE CONTROL
campo de control ES-MaACL
005 - FECHA Y HORA DE LA ÚLTIMA TRANSACCIÓN
campo de control 20250929063249.0
008 - DATOS DE LONGITUD FIJA--INFORMACIÓN GENERAL
campo de control de longitud fija 050929m18731900fr a | |||||||| ||fre d
040 ## - FUENTE DE CATALOGACIÓN
Centro catalogador/agencia de origen CAM
Lengua de catalogación spa
Centro/agencia transcriptor CAM
100 1# - ENTRADA PRINCIPAL--NOMBRE DE PERSONA
Nombre de persona Viollet-Le-Duc, Eugène Emmanuel,
Fechas asociadas al nombre 1814-1879
9 (RLIN) 133788
245 10 - MENCIÓN DEL TÍTULO
Título Histoire d'une maison /
Mención de responsabilidad, etc. texte et dessins par Viollet-le-Duc.
250 ## - MENCION DE EDICION
Mención de edición Nouvelle éd.
260 ## - PUBLICACIÓN, DISTRIBUCIÓN, ETC.
Lugar de publicación, distribución, etc. Paris :
Nombre del editor, distribuidor, etc. Bibliothèque d'Education et de Récréation,
Fecha de publicación, distribución, etc. [s.a.] (
Fabricante Typographie Lahure)
300 ## - DESCRIPCIÓN FÍSICA
Extensión 260 p., [4] h. de lám. :
Otras características físicas il. ;
Dimensiones 24 cm.
596 ## - NOTA AL PIE DE IMPRENTA
NOTA AL PIE DE IMPRENTA Probablemente impreso entre 1873 y 1900.
599 ## - NOTA A LAS ILUSTRACIONES
NOTA A LAS ILUSTRACIONES Las h. de lám. a color.
650 #4 - PUNTO DE ACCESO ADICIONAL DE MATERIA--TÉRMINO DE MATERIA
Término de materia o nombre geográfico como elemento de entrada Viviendas-
Subdivisión general Diseño y construcción.
9 (RLIN) 136999
852 ## - LOCALIZACIÓN
Ubicación ES-MaACL
Número de control de estantería C-3595
Nota libre -- Enc. hol.
-- -- Legado M. de la Fuente
Holdings
Estatus retirado Estado de pérdida Estado de daño No para préstamo Biblioteca de origen Biblioteca actual Ubicación en estantería Fecha de adquisición Fuente de adquisición Total de préstamos Signatura topográfica completa Código de barras Visto por última vez Precio de reemplazo Tipo de ítem Koha
        Biblioteca del Ateneo de Madrid Biblioteca del Ateneo de Madrid Sala Palomar 17/01/2008     C-3595 1175912 23/02/2023 23/02/2023 Libro impreso